000 00787nam a2200313Ia 4500
008 180313s9999 xx 000 0 und d
020 _a9781338087758
050 _bGS FIC S857 2015 bk 65
100 _aStilton, Geronimo
245 _aBollywood burglary /
245 _cby Geronimo Stilton.
260 _aNew York, New York :
260 _bScholastic Inc.,
260 _c2016
300 _a106 pages :
300 _bcolored illustrations ;
300 _c19cm.
440 _aGeronimo Stilton ;
440 _v65
650 _aMice --
650 _aMotion pictures --
650 _aTheft --
650 _xFiction.
650 _xFiction.
650 _xGraphic novel.
650 _xProduction and direction -- Fiction.
700 _aSeries.
700 _aTitle.
999 _c356238
_d356238